Un viaje a través de los Estados Unidos : (Record no. 58433)

MARC details
000 -CABECERA
campo de control de longitud fija 00572nam a2200181 a 4500
005 - FECHA Y HORA DE LA ÚLTIMA TRANSACCIÓN
campo de control 20240614063720.0
008 - ELEMENTOS DE LONGITUD FIJA--INFORMACIÓN GENERAL
campo de control de longitud fija 991125s1953 mx 000 0 spa u
035 ## - NÚMERO DE CONTROL DEL SISTEMA
Número de control de sistema UPN01000058433
049 ## - COLECCIÓN
Colección CG
050 #4 - SIGNATURA TOPOGRÁFICA DE LA BIBLIOTECA DEL CONGRESO
Número de clasificación PE1128 H3.8
Número de documento/Ítem 1953
100 1# - ASIENTO PRINCIPAL--NOMBRE PERSONAL
Nombre de persona Hamilton, J.
9 (RLIN) 28890
245 13 - MENCIÓN DE TÍTULO
Título Un viaje a través de los Estados Unidos :
Resto del título cuarto libro del método de inglés /
Mención de responsabilidad, etc. por J. Hamilton. -- 5a. ed. rev
260 ## - PUBLICACIÓN, DISTRIBUCIÓN, ETC.
Lugar de publicación, distribución, etc. México :
Nombre del editor, distribuidor, etc. Progreso,
Fecha de publicación, distribución, etc. 1953
300 ## - DESCRIPCIÓN FÍSICA
Extensión xvi, 464 p. :
Otras características físicas fots., map
650 #4 - ASIENTO SECUNDARIO DE MATERIA - TERMINO TEMATICO
Término de materia o nombre geográfico como elemento de entrada Inglés
Subdivisión general Estudio y enseñanza
9 (RLIN) 18
904 ## - ELEMENTOS DE DATOS D LOCAL, LDD (RLIN)
a AC
b 058436
905 ## - TIPO DE MATERIAL
Tipo de material Libro
Holdings
Estado de retiro Estado de pérdida Fuente del sistema de clasificación o colocación Estado dañado No para préstamo Código de colección Localización permanente Ubicación/localización actual Ubicación en estantería Enumeración/cronología de publicación seriada Total de préstamos Clasificación Código de barras Fecha visto por última vez Número de copia Tipo de ítem Koha
    Library of Congress Classification     Colección General Bib. Gregorio Torres Quintero Bib. Gregorio Torres Quintero Planta baja - 4 PE1128 H3.8 1953 122058 31/12/2020 1 Libro